书目信息 |
| 题名: |
制冷原理及设备
|
|
| 作者: | 吴业正 主编 ;朱瑞琪 , 曹小林 , 鱼剑琳 编著 | |
| 分册: | ||
| 出版信息: | 西安 西安交通大学出版社 2010.12 |
|
| 页数: | 355页 | |
| 开本: | 26cm | |
| 丛书名: | 能源与动力工程系列教材 | |
| 单 册: | ||
| 中图分类: | TB61 , TB657 | |
| 科图分类: | ||
| 主题词: | 制冷--zhi leng--理论--高等学校--教材 , 制冷装置--zhi leng zhuang zhi--高等学校--教材 | |
| 电子资源: | ||
| ISBN: | 978-7-5605-3812-9 | |
| 000 | 01295nam 2200349 450 | |
| 001 | 012011867624 | |
| 005 | 20110804162347.78 | |
| 010 | @a978-7-5605-3812-9@dCNY33.00 | |
| 100 | @a20110804d2010 em y0chiy0120 ea | |
| 101 | 0 | @achi |
| 102 | @aCN@b610000 | |
| 105 | @aak a 000yy | |
| 106 | @ar | |
| 200 | 1 | @a制冷原理及设备@Azhi leng yuan li ji she bei@f吴业正主编@Fwu ye zheng zhu bian@g吴业正 ... [等] 编著@Gwu ye zheng...[deng]bian zhu |
| 205 | @a第3版 | |
| 210 | @a西安@c西安交通大学出版社@d2010.12 | |
| 215 | @a355页@c图@d26cm | |
| 225 | 2 | @a能源与动力工程系列教材@Aneng yuan yu dong li gong cheng xi lie jiao cai |
| 304 | @a题名页题 : 吴业正, 朱瑞琪, 曹小林, 鱼剑琳编著 | |
| 320 | @a有书目 (第302-305页) | |
| 330 | @a本书主要内容:制冷方法;单级蒸气压缩式制冷循环;制冷剂;两级压缩和复叠式制冷循环;吸收式制冷机得溶液热力学基础等。 | |
| 410 | 0 | @12001 @a能源与动力工程系列教材 |
| 606 | 0 | @a制冷@Azhi leng@x理论@x高等学校@j教材 |
| 606 | 0 | @a制冷装置@Azhi leng zhuang zhi@x高等学校@j教材 |
| 690 | @aTB61@v4 | |
| 690 | @aTB657@v4 | |
| 701 | 0 | @a吴业正@Awu ye zheng@4主编 |
| 702 | 0 | @a朱瑞琪@Azhu rui qi@4编著 |
| 702 | 0 | @a曹小林@Acao xiao lin@4编著 |
| 702 | 0 | @a鱼剑琳@Ayu jian lin@4编著 |
| 801 | 0 | @aCN@bQSSK@c20110804 |
| 905 | @b794567-69@dTB61@eW909@f3 | |
| 制冷原理及设备/吴业正主编/吴业正 ... [等] 编著.-第3版.-西安:西安交通大学出版社,2010.12 |
| 355页:图;26cm.-(能源与动力工程系列教材) |
| ISBN 978-7-5605-3812-9:CNY33.00 |
| 本书主要内容:制冷方法;单级蒸气压缩式制冷循环;制冷剂;两级压缩和复叠式制冷循环;吸收式制冷机得溶液热力学基础等。 |
| ● |
| 相关链接 |
|
|
|
正题名:制冷原理及设备
索取号:TB61/W909
 
预约/预借
| 序号 | 登录号 | 条形码 | 馆藏地/架位号 | 状态 | 备注 |
| 1 | 794567 | 207945679 | 自科库501/501自科库 18排2列3层/ [索取号:TB61/W909] | 在馆 | |
| 2 | 794568 | 207945688 | 自科库501/501自科库 18排2列3层/ [索取号:TB61/W909] | 在馆 | |
| 3 | 794569 | 207945697 | 自科库501/501自科库 18排2列3层/ [索取号:TB61/W909] | 在馆 |